LEADER 01007naa a2200205 u 4500 001 000000094459 003 CaOOAMICUS 005 20070226130138.0 008 040426s1979 it u000 u ita u 035 $a10992039 040 $aIAR$bita 100 1 $aBecker, Marvin B.$0(OLS)http://pul/name/60712 245 13$aLe trasformazioni della finanza e l'emergere dello stato territoriale a Firenze nel Trecento /$cMarvin B. Becker. 260 $aBologna :$bSocietà editrice il Mulino,$c1979. 300 $aS. 149-186, ;$c21 cm 651 4$aFirenze$xStoria$ySec. XIV.$0(OLS)http://pul/subject/30164 773 0 $aLa crisi degli ordinamenti comunali e le origini dello stato del rinascimento. 773 0 $tLa crisi degli ordinamenti comunali e le origini dello stato del Rinascimento$w()10982 996 $6245$aLe trasformazioni della finanza e l'emergere dello stato territoriale a Firenze nel Trecento$9(OLS)http://pul/title/121327 996 $6260$aBologna :$bSocietà editrice il Mulino$9(OLS)http://pul/publisher/53095 LEADER 01285nam a2200289 a 4500 001 000000131964 003 CaOOAMICUS 005 20240918160156.0 008 121207s1998 fr u000 u fre r 040 $aPUL$bita 245 00$aEntretiens sur la fin des temps /$cJean-Claude Carrière...[et al.] ; réalisés par Catherine David, Frédéric Lenoir et Jean-Philippe de Tonnac. 260 $aParis :$bFayard,$c1998. 300 $a321 p. ;$c24 cm 500 $aInclude un saggio di Umberto Eco in francese. 650 4$aMillenarismo.$0(OLS)http://pul/subject/12163 700 1 $aEco, Umberto,$d1932-2016.$0(OLS)http://pul/name/11020 700 1 $aCarrière, Jean-Claude,$d1931-2021.$0(OLS)http://pul/name/113992 700 1 $aDavid, Catherine.$0(OLS)http://pul/name/84992 700 1 $aTonnac, Jean-Philippe de.$0(OLS)http://pul/name/84993 700 1 $aLenoir, Frédéric.$0(OLS)http://pul/name/71969 850 $aPUL 852 $aPUL$W1$xDP1 Fondo E. Rossi$y115$m1 F 35$j42532$qFondi$B151231$CPULBib$Z2$F151231 $82 941 1 $a1 961 $aSul dorso collocazione ms. di E. Rossi: F 21 2 2 996 $6245$aEntretiens sur la fin des temps$9(OLS)http://pul/title/166732 996 $6260$aParis :$bFayard$9(OLS)http://pul/publisher/52106